|
|
|
|
| LEADER |
02478nam a2200625 i 4500 |
| 001 |
nkc20243583517 |
| 003 |
CZ PrNK |
| 005 |
20240724085934.0 |
| 007 |
ta |
| 008 |
240112s2023 xr achje 001 0ccze |
| 015 |
|
|
|a cnb003583517
|
| 020 |
|
|
|a 978-80-7422-917-6
|q (NLN ;
|q vázáno)
|
| 020 |
|
|
|a 978-80-7037-376-7
|q (NTM ;
|q vázáno)
|
| 035 |
|
|
|a (OCoLC)1425860187
|
| 040 |
|
|
|a BOA001
|b cze
|e rda
|
| 041 |
0 |
|
|a cze
|b eng
|
| 043 |
|
|
|a e-xr---
|
| 045 |
|
|
|a w-x-
|
| 072 |
|
7 |
|a 664
|x Potravinářský průmysl
|2 Konspekt
|9 19
|
| 072 |
|
7 |
|a 929
|x Biografie
|2 Konspekt
|9 8
|
| 080 |
|
|
|a 658.114-051
|2 MRF
|
| 080 |
|
|
|a 664.1:338.45
|2 MRF
|
| 080 |
|
|
|a 338.45(091)
|2 MRF
|
| 080 |
|
|
|a 929
|2 MRF
|
| 080 |
|
|
|a (437.3)
|2 MRF
|
| 080 |
|
|
|a (092)
|2 MRF
|
| 100 |
1 |
|
|a Dufek, Pavel,
|d 1968-
|7 mzk2006323061
|4 aut
|
| 245 |
1 |
0 |
|a Železnice, cukr, noviny a odvaha :
|b osudy Beniesů v Čechách i jinde /
|c Pavel Dufek, Zdenko Maršálek, Michal Novotný
|
| 250 |
|
|
|a Vydání první
|
| 264 |
|
1 |
|a Praha :
|b NLN :
|b Národní technické muzeum,
|c 2023
|
| 300 |
|
|
|a 339 stran :
|b ilustrace, portréty, faksimile, genealogické tabulky ;
|c 25 cm
|
| 336 |
|
|
|a text
|b txt
|2 rdacontent
|
| 337 |
|
|
|a bez média
|b n
|2 rdamedia
|
| 338 |
|
|
|a svazek
|b nc
|2 rdacarrier
|
| 504 |
|
|
|a Obsahuje bibliografii, bibliografické odkazy a rejstříky
|
| 546 |
|
|
|a Anglické resumé
|
| 600 |
3 |
7 |
|a Beniesovi (rodina)
|7 mzk20241214258
|2 czenas
|
| 648 |
|
7 |
|a 19.-20. století
|7 ch757015
|2 czenas
|
| 650 |
0 |
7 |
|a podnikatelé
|7 ph124163
|z Česko
|y 19.-20. století
|2 czenas
|
| 650 |
0 |
7 |
|a cukrovarnický průmysl
|7 ph114264
|z Česko
|y 19.-20. století
|2 czenas
|
| 650 |
0 |
7 |
|a dějiny průmyslu
|7 ph488969
|z Česko
|y 19.-20. století
|2 czenas
|
| 650 |
0 |
9 |
|a businessmen
|z Czechia
|y 19th-20th centuries
|2 eczenas
|
| 650 |
0 |
9 |
|a sugar industry
|z Czechia
|y 19th-20th centuries
|2 eczenas
|
| 650 |
0 |
9 |
|a history of industry
|z Czechia
|y 19th-20th centuries
|2 eczenas
|
| 655 |
|
7 |
|a biografie
|7 fd131909
|2 czenas
|
| 655 |
|
9 |
|a biography
|2 eczenas
|
| 700 |
1 |
|
|a Maršálek, Zdenko,
|d 1966-
|7 js20020722018
|4 aut
|
| 700 |
1 |
|
|a Novotný, Michal,
|d 1978-
|7 ola2014805932
|4 aut
|
| 910 |
2 |
|
|a BOA001
|b 2-1520.013
|
| 928 |
9 |
|
|a Nakladatelství Lidové noviny
|
| 990 |
|
|
|a BK
|
| 995 |
|
|
|a 01
|
| 991 |
|
|
|b 202401
|c NOV
|
| 996 |
6 |
|
|b 2610959210
|c 2-1520.013
|l MZK
|r Sklad / do 1 hodiny
|n 0
|p p.v.
|w 001950529
|u 000010
|a 1
|e BOA001
|j MZK50
|s P
|
| 996 |
7 |
|
|b 2610960785
|c 2-1520.013
|l MZK
|r Sklad / do 1 hodiny
|n 0
|p dar
|w 001950529
|u 000020
|a 1
|e BOA001
|j MZK50
|s A
|